000 00401nam a2200157Ia 4500
008 210210b1993 xxu||||| |||| 00| 0 eng d
020 _a81 237 0199 3
082 _a330.9545 MAVG
100 _aTIWANA (D S) and MAVI (H S).
245 _aGeography of Punjab.
260 _aIndia
_bNational Book Trust
_c1993
300 _ax,162
650 _aPunjab
690 _aEconomic Geography
906 _a048939
999 _c97848
_d97848